• 首页
  • 本馆介绍
  • 公告通知
  • 最新文献
  • 馆藏检索
  • 电子资源
  • 读者导购
  • 参考咨询
  • 我的图书馆
  • 登录
  • 详细信息显示
  • 放入我的书架
  • 预约/预借图书
  • 作者相关作品
  • 分类相关作品
  • 丛书相关作品
  • 出版社相关作品

书目信息

  • 表格格式
  • 工作单格式
  • 卡片格式
题名:
名将之初
    
 
作者: 雷献和 , 夏雨 编著
分册:  
出版信息: 北京   解放军出版社  1994
页数: 180
开本: 19cm
丛书名: 连队图书室丛书
单 册:
中图分类: K815.2
科图分类: 26.11
主题词: 军事家--生平事迹--世界 , 军事家
电子资源:
ISBN: 7-5065-2353-1
000 00810oam2 2200301 450
001 0195022478
005 20100713012722.0
010    @a7-5065-2353-1@dCNY4.20
011    @a7-5065-2353-1
100    @a19950513d1994 em y0chiy0110 ea
101 0  @achi
102    @aCN@b110000
105    @ay z 000zd
106    @ar
200 1  @a名将之初@9Ming Jiang;Qiang Zhi Chu @f雷献和,夏 雨编著
210    @a北京@c解放军出版社@d1994
215    @a180@d19cm
225 2  @a连队图书室丛书@h第二辑@i军事
461  0 @12001 @a连队图书室丛书
462  0 @12001 @a军事
606 0  @a军事家@x生平事迹@y世界
606 0  @a军事家
690    @aK815.2
692    @a26.11
701  0 @a雷献和@9lei xian he@4编著
701  0 @a夏雨@9xia yu@4编著
801  0 @aCN@b91MARC@c20130904
905    @aBZT@dK815.2@e56@f1@sK815.2/56
    
    名将之初/雷献和,夏 雨编著.-北京:解放军出版社,1994
    180;19cm.-(连队图书室丛书.第二辑.军事)
    
    
    ISBN 7-5065-2353-1:CNY4.20
    
●
相关链接 在五车中查询图书 在当当中查询图书 在豆瓣中查询图书


正题名:名将之初     索取号:K815.2/56         预约/预借

序号 登录号 条形码 馆藏地/架位号 状态 备注
1 2000045377   2000045377   旧书回溯/ [索取号:K815.2/56] 在馆    
山东省滨州职业学院图书馆 欢迎您!
大连网信软件有限公司© 版权所有